• 首页
  • 本馆介绍
  • 公告通知
  • 最新文献
  • 馆藏检索
  • 电子资源
  • 读者导购
  • 参考咨询
  • 我的图书馆
  • 登录
  • 详细信息显示
  • 放入我的书架
  • 预约/预借图书
  • 作者相关作品
  • 分类相关作品
  • 丛书相关作品
  • 出版社相关作品

书目信息

  • 表格格式
  • 工作单格式
  • 卡片格式
题名:
晚清、民国时期军事近代化过程中的德国元素
    
 
作者: 陈振国, 著
分册:  
出版信息: 北京   中国言实出版社  2019
页数: 138页
开本: 24cm
丛书名:
单 册:
中图分类: E295 , E516.9
科图分类:
主题词: 军事史--jun shi shi--研究--中国--清后期 , 军事史--jun shi shi--研究--中国--民国 , 军事史--jun shi shi--研究--德国
电子资源:
ISBN: 978-7-5171-2985-1
000 01095nam0 2200289 450
001 2156269274
005 20211011172911.0
010    @a978-7-5171-2985-1@dCNY38.00
100    @a20201217d2019 em y0chiy50 ea
101 0  @achi
102    @aCN@b110000
105    @ay a 000yy
106    @ar
200 1  @a晚清、民国时期军事近代化过程中的德国元素@Awan qing min guo shi qi jun shi jin dai hua guo cheng zhong de de guo yuan su@f陈振国著
210    @a北京@c中国言实出版社@d2019
215    @a138页@d24cm
314    @a陈振国, 河南城建学院思政部副教授, 历史学博士。
320    @a有书目 (第136-138页)
330    @a本书共分为晚清时期和民国时期两部分, 主要内容包括: 近代德国的崛起和晚清的“以德为师” ; 中国军队近代化的第一步: 购器、制器 ; 德国影响下的晚清军事教育等。
606 0  @a军事史@Ajun shi shi@x研究@y中国@z清后期
606 0  @a军事史@Ajun shi shi@x研究@y中国@z民国
606 0  @a军事史@Ajun shi shi@x研究@y德国
690    @aE295@v5
690    @aE516.9@v5
701  0 @a陈振国,@Achen zhen guo ,@f1970-@4著
801  0 @aCN@b百万庄@c20211006
905    @b1305358-361@dE295@e117@f4
    
    晚清、民国时期军事近代化过程中的德国元素/陈振国著.-北京:中国言实出版社,2019
    138页;24cm
    
    
    ISBN 978-7-5171-2985-1:CNY38.00
    本书共分为晚清时期和民国时期两部分, 主要内容包括: 近代德国的崛起和晚清的“以德为师” ; 中国军队近代化的第一步: 购器、制器 ; 德国影响下的晚清军事教育等。
●
相关链接 在E读中查询图书 在五车中查询图书 在当当中查询图书 在豆瓣中查询图书


正题名:晚清、民国时期军事近代化过程中的德国元素     索取号:E295/117         预约/预借

序号 登录号 条形码 馆藏地/架位号 状态 备注
1 1305358   213053586   第一样本阅览室/ [索取号:E295/117] 在馆    
2 1305359   213053595   第一借阅区/ [索取号:E295/117] 在馆    
3 1305360   213053602   第一借阅区/ [索取号:E295/117] 在馆    
4 1305361   213053611   第一借阅区/ [索取号:E295/117] 在馆    
唐山师范学院图书馆 欢迎您!
大连网信软件有限公司© 版权所有